Компьютерное моделирование преобразователей давления и численные методы для оценки их технического состояния: автореферат диссертации на соискание ученой степени кандидата технических наук; спец. 05.13.18

Detaylı Bibliyografya
Yazar: Бушуев О. Ю. Олег Юрьевич
Müşterek Yazar: Южно-Уральский государственный университет (ЮУрГУ)
Diğer Yazarlar: Шестаков А. Л. Александр Леонидович (научный руководитель)
Özet:Защита сост. 28.03.2016 г.
Dil:Rusça
Baskı/Yayın Bilgisi: Челябинск, [Б. и.], 2015
Konular:
Materyal Türü: Kitap
KOHA link:https://koha.lib.tpu.ru/cgi-bin/koha/opac-detail.pl?biblionumber=317209

MARC

LEADER 00000nam0a2200000 4500
001 317209
005 20231102002942.0
035 |a (RuTPU)RU\TPU\book\342677 
090 |a 317209 
100 |a 20160406d2015 k y0rusy50 ca 
101 0 |a rus 
102 |a RU 
105 |a a dm 001zy 
200 1 |a Компьютерное моделирование преобразователей давления и численные методы для оценки их технического состояния  |e автореферат диссертации на соискание ученой степени кандидата технических наук  |e спец. 05.13.18  |f О. Ю. Бушуев  |g Южно-Уральский государственный университет (ЮУрГУ) ; науч. рук. А. Л. Шестаков 
210 |a Челябинск  |c [Б. и.]  |d 2015 
215 |a 16 с.  |c ил. 
300 |a Защита сост. 28.03.2016 г. 
320 |a Библиогр.: с. 15-16 (17 назв.). 
606 1 |a Контрольно-измерительные инструменты и приборы  |2 stltpush  |3 (RuTPU)RU\TPU\subj\15519  |9 41754 
610 1 |a преобразователи давления 
610 1 |a техническое состояние 
610 1 |a оценка 
610 1 |a компьютерное моделирование 
610 1 |a выходные сигналы 
610 1 |a частоты 
610 1 |a численные методы 
610 1 |a амплитудно-частотные характеристики 
610 1 |a исследования 
610 1 |a авторефераты диссертаций 
675 |a 681.2(04)  |v 3 
686 |a 05.13.18  |2 oksvnk 
700 1 |a Бушуев  |b О. Ю.  |g Олег Юрьевич 
702 1 |a Шестаков  |b А. Л.  |g Александр Леонидович  |4 727 
712 0 2 |a Южно-Уральский государственный университет (ЮУрГУ)  |c (1997- )  |c (Челябинск)  |2 stltpush  |3 (RuTPU)RU\TPU\col\944 
801 1 |a RU  |b 63413507  |c 20160406 
801 2 |a RU  |b 63413507  |c 20160418  |g RCR 
942 |c BK